[Event "Bad Woerishofen op 28th"]
[Site "Bad Woerishofen"]
[Date "2012.03.04"]
[Round "3"]
[White "Stiller, Patrick"]
[Black "Goris, Ton"]
[Result "1-0"]
[WhiteElo "2159"]
[BlackElo "2027"]
[PlyCount "61"]
[EventDate "2012.03.02"]
[EventType "swiss"]
[EventRounds "9"]
[EventCountry "GER"]
[SourceTitle "EXT 2019"]
[Source "ChessBase"]
[SourceDate "2018.10.10"]
[SourceVersion "1"]
[SourceVersionDate "2018.10.10"]
[SourceQuality "1"]

1. c4 e5 2. g3 Nf6 3. Bg2 Nc6 4. Nc3 Be7 5. Nf3 d5 6. cxd5 Nxd5 7. Nxe5 Nxc3 8. Bxc6+ bxc6 9. dxc3 Bb7 10. Qxd8+ Rxd8 11. Be3 f6 12. Nf3 g5 13. h4 g4 14. Nd2 Kf7 15. 0-0-0 Rd5 16. Nb3 Rhd8 17. Rxd5 cxd5 18. Rd1 h5 19. Bc5 Ba6 20. Bxe7 Kxe7 21. Nc5 Bc8 22. Nd3 Be6 23. Nf4 Bf7 24. Rd4 c5 25. Ra4 Rd7 26. Ra5 Rc7 27. Kd2 Rb7 28. b3 Rc7 29. Rb5 Kd6 30. Rb8 Ke5 31. Rh8 1-0

[Event "Bad Woerishofen op 28th"]
[Site "Bad Woerishofen"]
[Date "2012.03.03"]
[Round "2"]
[White "Meijers, Viesturs"]
[Black "Stiller, Patrick"]
[Result "1-0"]
[WhiteElo "2490"]
[BlackElo "2159"]
[PlyCount "103"]
[EventDate "2012.03.02"]
[EventType "swiss"]
[EventRounds "9"]
[EventCountry "GER"]
[SourceTitle "EXT 2019"]
[Source "ChessBase"]
[SourceDate "2018.10.10"]
[SourceVersion "1"]
[SourceVersionDate "2018.10.10"]
[SourceQuality "1"]

1. d4 Nf6 2. Bg5 Ne4 3. Bf4 c5 4. f3 Qa5+ 5. c3 Nf6 6. Nd2 cxd4 7. Nb3 Qf5 8. Bxb8 Rxb8 9. Qxd4 b6 10. e4 Qf4 11. Ne2 Qc7 12. e5 Ng8 13. Ng3 Bb7 14. Nf5 f6 15. exf6 Nxf6 16. 0-0-0 e6 17. Re1 Kf7 18. Ne3 Bc5 19. Qh4 Bxe3+ 20. Rxe3 h6 21. Bc4 g5 22. Qd4 Qf4 23. Kb1 Qxd4 24. Nxd4 a6 25. Rc1 Rhg8 26. g3 Rg7 27. a4 Kf8 28. Be2 Rf7 29. Re5 Rc8 30. Nc2 Kg7 31. c4 Rc5 32. Re3 a5 33. Rb3 Ba6 34. Ne3 Re5 35. Rd1 Bb7 36. Kc1 Bc6 37. Kd2 Bxa4 38. Rxb6 Bc6 39. b3 Rc5 40. Ra6 Ne8 41. Ng4 h5 42. Nf2 Bxf3 43. Nd3 Rc7 44. Bxf3 Rxf3 45. Rxa5 Rf5 46. Rxf5 exf5 47. h4 gxh4 48. gxh4 Nf6 49. Ke3 Ne4 50. Nb4 Kf6 51. Rd5 Ke6 52. Kf4 1-0

[Event "Oberliga Wuerttemberg 0708"]
[Site "Wuerttemberg"]
[Date "2008.04.20"]
[Round "9.7"]
[White "Khadempour, Farhad"]
[Black "Stiller, Patrick"]
[Result "0-1"]
[WhiteElo "2143"]
[BlackElo "2095"]
[PlyCount "153"]
[EventDate "2007.10.07"]
[EventType "team-tourn"]
[EventRounds "9"]
[EventCountry "GER"]
[SourceTitle "EXT 2018"]
[Source "ChessBase"]
[SourceDate "2017.10.13"]
[SourceVersion "1"]
[SourceVersionDate "2017.10.13"]
[SourceQuality "1"]
[WhiteTeam "Tuebingen"]
[BlackTeam "Ulm Post"]
[WhiteTeamCountry "GER"]
[BlackTeamCountry "GER"]

1. c4 Nf6 2. Nc3 c5 3. g3 Nc6 4. Bg2 g6 5. e4 d6 6. Nge2 Bg7 7. 0-0 0-0 8. a3 Bg4 9. f3 Bd7 10. Rb1 a5 11. d3 Rb8 12. Be3 Qc8 13. Qd2 Bh3 14. Nb5 Bxg2 15. Kxg2 Ne8 16. b3 Nc7 17. Rfc1 Qd7 18. Nxc7 Qxc7 19. Nc3 b6 20. Bh6 Rfc8 21. h4 Bxc3 22. Qxc3 f6 23. Rf1 Qd7 24. Be3 Qe6 25. a4 Rf8 26. Rbe1 Rf7 27. f4 Qd7 28. Qd2 f5 29. Qc3 h5 30. d4 cxd4 31. Bxd4 Nxd4 32. Qxd4 Qc6 33. Kh2 Qc5 34. Qd3 fxe4 35. Qxe4 Qf5 36. Qxf5 gxf5 37. Re6 Kg7 38. Rfe1 Rb7 39. Kg2 Rc7 40. Kf3 Rd7 41. R1e3 Rb7 42. Ke2 Rc7 43. Kd3 Ra7 44. Kd4 Rc7 45. Re2 Ra7 46. Kd5 Rc7 47. b4 axb4 48. Rb2 Rf6 49. Re3 e5 50. fxe5 dxe5 51. Kxe5 Rc5+ 52. Kf4 Rxc4+ 53. Kf3 f4 54. Reb3 fxg3+ 55. Kxg3 Rff4 56. Rh2 Rg4+ 57. Kf3 Rc3+ 58. Rxc3 bxc3 59. Ke3 Rxa4 60. Kd3 Kf6 61. Kxc3 Kf5 62. Rb2 Rxh4 63. Rxb6 Re4 64. Kd3 Re8 65. Rh6 Kg4 66. Kd2 h4 67. Rg6+ Kf3 68. Rf6+ Kg2 69. Rg6+ Kh2 70. Rg4 h3 71. Rg5 Rb8 72. Ke1 Rb2 73. Kf1 Rb7 74. Kf2 Rb1 75. Rh5 Rb2+ 76. Kf3 Rg2 77. Rh8 0-1

[Event "Oberliga Wuerttemberg 0203"]
[Site "Wuerttemberg"]
[Date "2003.02.23"]
[Round "6"]
[White "Reinhold, Dirk"]
[Black "Stiller, Patrick"]
[Result "0-1"]
[WhiteElo "1960"]
[BlackElo "2155"]
[PlyCount "74"]
[EventDate "2002.10.13"]
[EventType "team-tourn"]
[EventRounds "9"]
[EventCountry "GER"]
[SourceTitle "EXT 2019"]
[Source "ChessBase"]
[SourceDate "2018.10.10"]
[SourceVersion "1"]
[SourceVersionDate "2018.10.10"]
[SourceQuality "1"]
[WhiteTeam "Ditzingen"]
[BlackTeam "Ulm Post"]
[WhiteTeamCountry "GER"]
[BlackTeamCountry "GER"]

1. e4 c6 2. d4 d5 3. Nc3 dxe4 4. Nxe4 Nd7 5. Bf4 Ngf6 6. Bd3 Nxe4 7. Bxe4 Nf6 8. Bf3 Bf5 9. Ne2 e6 10. 0-0 Bd6 11. Qd2 0-0 12. Rfe1 Bxf4 13. Nxf4 Qd6 14. Nh5 Nxh5 15. Bxh5 c5 16. Rad1 Rfd8 17. g4 Bg6 18. Bxg6 hxg6 19. Re3 Qxd4 20. Qxd4 Rxd4 21. Rxd4 cxd4 22. Rd3 e5 23. c3 Rd8 24. cxd4 exd4 25. Kf1 f6 26. Ke2 Kf7 27. Ra3 a6 28. Rb3 b5 29. a4 Rd5 30. axb5 axb5 31. Kd3 Ke6 32. f4 Kd6 33. Ra3 g5 34. Ke4 d3 35. Ra6+ Kc5 36. b4+ Kc4 37. Rc6+ Kxb4 0-1

[Event "Seefeld op 08th"]
[Site "Seefeld"]
[Date "1997.??.??"]
[Round "?"]
[White "Roemer, Ulrich"]
[Black "Stiller, Patrick"]
[Result "1-0"]
[WhiteElo "2285"]
[BlackElo "1950"]
[PlyCount "85"]
[EventDate "1997.09.??"]
[EventType "swiss"]
[EventRounds "9"]
[EventCountry "AUT"]
[SourceTitle "EXT 2000"]
[Source "ChessBase"]
[SourceDate "1999.11.16"]
[SourceVersion "1"]
[SourceVersionDate "1999.11.16"]
[SourceQuality "1"]

1. d4 Nf6 2. Nf3 g6 3. Bf4 Bg7 4. e3 d5 5. Be2 c5 6. c3 Nc6 7. Nbd2 Qb6 8. Qb3 Qxb3 9. axb3 cxd4 10. exd4 0-0 11. b4 Bg4 12. b5 Nd8 13. h3 Bxf3 14. Bxf3 Ne6 15. Be3 Nc7 16. Be2 a6 17. bxa6 Nxa6 18. Bxa6 bxa6 19. Kd1 Rfc8 20. Kc2 Nd7 21. Ra5 e6 22. Rha1 Rc6 23. b4 Rac8 24. R1a3 Nb8 25. Kd3 Bf8 26. Bf4 Bd6 27. Bxd6 Rxd6 28. Nb3 Rcc6 29. Rc5 Nd7 30. Rxc6 Rxc6 31. Nc5 Nxc5+ 32. bxc5 Kf8 33. Rb3 Rc8 34. Rb7 Ra8 35. Kc2 a5 36. Kb3 a4+ 37. Ka3 g5 38. Rb4 Ke8 39. Rxa4 Rxa4+ 40. Kxa4 Kd7 41. Kb5 Kc7 42. c6 h5 43. g4 1-0

[Event "AUT-chT 9596"]
[Site "Vorarlberg"]
[Date "1996.??.??"]
[Round "3"]
[White "Stiller, Patrick"]
[Black "Mittermeier, Peter"]
[Result "0-1"]
[WhiteElo "1835"]
[BlackElo "2040"]
[PlyCount "70"]
[EventDate "1995.??.??"]
[EventType "team"]
[EventRounds "9"]
[EventCountry "AUT"]
[SourceTitle "EXT 1999"]
[Source "ChessBase"]
[SourceDate "1998.11.16"]
[SourceVersion "1"]
[SourceVersionDate "1998.11.16"]
[SourceQuality "1"]

1. Nf3 Nf6 2. c4 d5 3. cxd5 Nxd5 4. Nc3 Nc6 5. d4 g6 6. e4 Nxc3 7. bxc3 Bg7 8. Be2 0-0 9. 0-0 e5 10. d5 Ne7 11. c4 Bg4 12. Ne1 Bxe2 13. Qxe2 f5 14. f3 Qd6 15. Nd3 Rae8 16. Be3 b6 17. a4 Nc8 18. c5 Qd7 19. c6 Qe7 20. Bd2 Nd6 21. Bb4 Rd8 22. Bxd6 Rxd6 23. Kh1 Qh4 24. a5 fxe4 25. fxe4 Rdf6 26. Rxf6 Qxf6 27. Kg1 Qd6 28. Qe3 h5 29. axb6 axb6 30. Ne1 Bh6 31. Qa3 Qb4 32. Nf3 Qxe4 33. Qa2 Kg7 34. Re1 Qxe1+ 35. Nxe1 Be3+ 0-1